5HLuxD.jpg

KING HENRY VIII SENIOR AND PRIMARY SCHOOL LIBRARY OPAC

The killer's cousin / (Record no. 903)

000 -LEADER
fixed length control field 01023cam a2200313 a 4500
001 - CONTROL NUMBER
control field (Sirsi) a642194
003 - CONTROL NUMBER IDENTIFIER
control field OSt
005 - DATE AND TIME OF LATEST TRANSACTION
control field 20191226093350.0
008 - FIXED-LENGTH DATA ELEMENTS--GENERAL INFORMATION
fixed length control field 100927r20091998nyu d 000 1 eng d
020 ## - INTERNATIONAL STANDARD BOOK NUMBER
International Standard Book Number 0142413739 (pbk.) :
020 ## - INTERNATIONAL STANDARD BOOK NUMBER
International Standard Book Number 9780142413739 (pbk.) :
040 ## - CATALOGING SOURCE
Original cataloging agency CHA
Language of cataloging eng
Transcribing agency TAE
041 0# - LANGUAGE CODE
Language code of text/sound track or separate title eng
042 ## - AUTHENTICATION CODE
Authentication code nbic
082 ## - DEWEY DECIMAL CLASSIFICATION NUMBER
Classification number FIC WER
100 1# - MAIN ENTRY--PERSONAL NAME
Personal name Werlin, Nancy.
Relator term author
245 14 - TITLE STATEMENT
Title The killer's cousin /
Statement of responsibility, etc. Nancy Werlin.
260 ## - PUBLICATION, DISTRIBUTION, ETC.
Place of publication, distribution, etc. New York :
Name of publisher, distributor, etc. Speak,
Date of publication, distribution, etc. 2009.
300 ## - PHYSICAL DESCRIPTION
Extent 229 p. ;
Dimensions 21 cm.
520 ## - SUMMARY, ETC.
Summary, etc. After being acquitted of murder, seventeen-year-old David goes to stay with relatives in Cambridge, Massachusetts, where he finds himself forced to face his past as he learns more about his strange young cousin Lily.
521 1# - TARGET AUDIENCE NOTE
Target audience note 13-18.
586 ## - AWARDS NOTE
Awards note Winner of the Edgar Award
650 #1 - SUBJECT ADDED ENTRY--TOPICAL TERM
Topical term or geographic name entry element Emotional problems
Form subdivision Fiction.
650 #1 - SUBJECT ADDED ENTRY--TOPICAL TERM
Topical term or geographic name entry element Cousins
Form subdivision Fiction.
650 #1 - SUBJECT ADDED ENTRY--TOPICAL TERM
Topical term or geographic name entry element Guilt
Form subdivision Fiction.
650 #1 - SUBJECT ADDED ENTRY--TOPICAL TERM
Topical term or geographic name entry element Murder
Form subdivision Fiction.
650 #1 - SUBJECT ADDED ENTRY--TOPICAL TERM
Topical term or geographic name entry element Family problems
Form subdivision Fiction.
942 ## - ADDED ENTRY ELEMENTS (KOHA)
Source of classification or shelving scheme
Koha item type Books - Fiction
Holdings
Withdrawn status Lost status Source of classification or shelving scheme Damaged status Not for loan Collection code Permanent Location Current Location Shelving location Date acquired Total Checkouts Full call number Barcode Date last seen Date last checked out Price effective from Koha item type
          Fiction KH8 Senior School Library KH8 Senior School Library Fiction 2019-12-26 3 FIC WER 3KHSL000101657 2025-07-02 2025-01-22 2019-12-26 Books - Fiction

Powered By KH8 IT Dept